UM Logo

Metacognitive judgments of prior material facilitate the learning of new material : (Record no. 23881)

MARC details
000 -LEADER
fixed length control field 00986nam a22002297a 4500
003 - CONTROL NUMBER IDENTIFIER
control field OSt
005 - DATE AND TIME OF LATEST TRANSACTION
control field 20260224112038.0
008 - FIXED-LENGTH DATA ELEMENTS--GENERAL INFORMATION
fixed length control field 250925b |||||||| |||| 00| 0 eng d
040 ## - CATALOGING SOURCE
Transcribing agency 0
082 ## - DEWEY DECIMAL CLASSIFICATION NUMBER
Classification number DPer 370.15 J826 October-November 2019 v. 111 n. 7-8
100 ## - MAIN ENTRY--PERSONAL NAME
Personal name Lee, Hee Seung.
Relator term author.
9 (RLIN) 68145
245 ## - TITLE STATEMENT
Title Metacognitive judgments of prior material facilitate the learning of new material :
Remainder of title the forward effect of metacognitive judgments in inductive learning /
Statement of responsibility, etc. Hee Seung Lee and Hyorim Ha.
260 ## - PUBLICATION, DISTRIBUTION, ETC. (IMPRINT)
Place of publication, distribution, etc. Washington, DC ;
Name of publisher, distributor, etc. American Psychological Association ,
Date of publication, distribution, etc. October 2019.
300 ## - PHYSICAL DESCRIPTION
Extent Volume 111, pages 1189-1201 :
Other physical details illustration ;
Dimensions 28 cm.
500 ## - GENERAL NOTE
General note Journal of Educational Psychology, vol. 111, no. 7, pages 1189-1201, October 2019.
650 #0 - SUBJECT ADDED ENTRY--TOPICAL TERM
Topical term or geographic name as entry element Evaluative thinking.
9 (RLIN) 68146
650 #0 - SUBJECT ADDED ENTRY--TOPICAL TERM
Topical term or geographic name as entry element Metacognition.
9 (RLIN) 68147
650 #0 - SUBJECT ADDED ENTRY--TOPICAL TERM
Topical term or geographic name as entry element Korea (South).
9 (RLIN) 49362
700 ## - ADDED ENTRY--PERSONAL NAME
Personal name Lee, Hee Seung.
Relator term author.
9 (RLIN) 68145
700 ## - ADDED ENTRY--PERSONAL NAME
Personal name Ha, Hyorim.
Relator term author.
9 (RLIN) 68148
942 ## - ADDED ENTRY ELEMENTS (KOHA)
Source of classification or shelving scheme Dewey Decimal Classification
Koha item type Periodicals
Holdings
Withdrawn status Lost status Source of classification or shelving scheme Damaged status Not for loan Collection code Home library Current library Date acquired Total Checkouts Full call number Date last seen Price effective from Koha item type
    Dewey Decimal Classification     Periodicals UM Digos College - LIC UM Digos College - LIC 09/25/2025   DPer 370.15 J826 October-November 2019 v. 111 n. 7-8 09/25/2025 09/25/2025 Periodicals